|
|
|
|
| LEADER |
00000nam0a2200000 4500 |
| 001 |
281000 |
| 005 |
20231101235348.0 |
| 020 |
|
|
|a RU
|b 83-66952
|
| 035 |
|
|
|a (RuTPU)RU\TPU\book\304593
|
| 090 |
|
|
|a 281000
|
| 100 |
|
|
|a 20150116d1985 k y0rusy5003 ca
|
| 101 |
0 |
|
|a rus
|
| 102 |
|
|
|a RU
|
| 105 |
|
|
|a a z 001zy
|
| 200 |
1 |
|
|a Исследование и создание нового оборудования для промышленности строительных материалов
|e тематический сборник научных трудов
|f Всесоюзный научно-исследовательский институт по машинам для промышленности строительных материалов (ВНИИстроммаш) ; под ред. А. И. Романенкова
|
| 210 |
|
|
|a Гатчина
|c Изд-во ВНИИстроммаш
|d 1985
|
| 215 |
|
|
|a 115 с.
|c ил.
|
| 320 |
|
|
|a Библиография в конце статей
|
| 606 |
|
|
|a Промышленность строительных материалов
|x Оборудование
|2 stltpush
|3 (RuTPU)RU\TPU\subj\52338
|9 70823
|
| 610 |
1 |
|
|a кирпичеделательное оборудование
|
| 610 |
1 |
|
|a надежность
|
| 610 |
1 |
|
|a шнековые прессы
|
| 610 |
1 |
|
|a расчет
|
| 610 |
1 |
|
|a вальцы
|
| 610 |
1 |
|
|a наплавочные материалы
|
| 610 |
1 |
|
|a износостойкость
|
| 610 |
1 |
|
|a контроллеры
|
| 610 |
1 |
|
|a использование
|
| 675 |
|
|
|a 691.002.5
|v 3
|
| 702 |
|
1 |
|a Романенков
|b А. И.
|4 340
|
| 712 |
0 |
2 |
|a Всесоюзный научно-исследовательский институт по машинам для промышленности строительных материалов (ВНИИстроммаш)
|c (Гатчина, Ленинградская область)
|c (1954-1992)
|2 stltpush
|3 (RuTPU)RU\TPU\col\19749
|
| 801 |
|
0 |
|a RU
|b RuMRKP
|c 19950704
|g psbo
|
| 801 |
|
1 |
|a RU
|b 63413507
|c 20150116
|
| 801 |
|
2 |
|a RU
|b 63413507
|c 20200825
|g RCR
|
| 942 |
|
|
|c BK
|